000 02201nam a22003378i 4500
001 CR9781139583114
003 UkCbUP
005 20250131171215.0
006 m|||||o||d||||||||
007 cr||||||||||||
008 120823s1851||||enk o ||1 0|eng|d
020 _a9781139583114 (ebook)
020 _z9781108059732 (paperback)
040 _aKO
_beng
041 0 _aeng
100 1 _aFindlay, A. G.,
_eauthor.
245 1 2 _aA Directory for the Navigation of the Pacific Ocean, with Descriptions of its Coasts, Islands, etc. :
_bFrom the Strait of Magalhaens to the Arctic Sea, and Those of Asia and Australia.
_nVolume 2 /
_cA. G. Findlay.
264 1 _aPlace of publication not identified :
_bpublisher not identified,
_c1851.
264 1 _aCambridge :
_bCambridge University Press
300 _a1 online resource (776 pages) :
_bdigital, PDF file(s).
338 _aonline resource
490 1 _aCambridge library collection. Maritime Exploration
500 _aTitle from publisher's bibliographic system (viewed on 05 Oct 2015).
520 _aThe English geographer and hydrographer Alexander George Findlay (1812-75) had observed that navigators of his time had to consult a considerable number of documents to gather the information they needed to sail the Pacific Ocean safely. Not only was this highly impractical, it also exposed seafarers to conflicting information that could lead to their demise. First published in 1851, this two-volume nautical directory, compiled by Findlay from reputable sources, provided seamen with a single comprehensive and authoritative reference work. This second volume focuses on navigating the islands and archipelagos of the Pacific and also contains detailed information on the winds, currents, tides and other physical phenomena of the Pacific, as well as general sailing directions. An invaluable resource for navigators of the nineteenth century, this work remains of great interest to geographers and scholars of nautical history.
830 0 _aCambridge library collection.
_pMaritime Exploration.
856 4 0 _uhttps://doi.org/10.1017/CBO9781139583114
904 _aRUDRA_R
905 _aR_RANJAN
942 _2ddc
_cEB
999 _c3315
_d3315